000 00710nam a2200229Ia 4500
001 8798
003 GE_BSU
008 181216s||||||||xx |||||||||||||| ||und||
040 _cGE_BSU
080 _a821.353.1–32
100 _aკაკუშაძე,ნოე
245 _aდიდი სიცოცხლე
245 _bმოთხრობები
245 _cრედ.ა. ბრეგაძე;მხატვ.ო.ჯიშკარიანი
260 _aთბილისი
260 _bნაკადული
260 _c1968
300 _a292გვ.21სმ.
653 _aდიდი სიცოცხლე
653 _aმოთხრობები
942 _cBK
999 _c42107
_d42107